K vymedzeniu pojmu daň

Charakteristika dane. Prístupy k vymedzeniu pojmu daň z hľadiska právnej stránky a ekonomicko-finančného hľadiska.

Enregistré dans:
Détails bibliographiques
Auteur principal: Petrenka, Ján
Format: Livre
Langue:slovaque
Sujets:
Tags: Ajouter un tag
Pas de tags, Soyez le premier à ajouter un tag!

MARC

LEADER 00000nam a2200000 4500
001 r031048
005 20230929092521.3
041 0 |a slo 
044 |a SK 
245 1 0 |a K vymedzeniu pojmu daň  |c Ján Petrenka 
520 |a Charakteristika dane. Prístupy k vymedzeniu pojmu daň z hľadiska právnej stránky a ekonomicko-finančného hľadiska. 
610 2 0 |a dane 
610 2 0 |a pojmy 
610 2 0 |a ekonómia 
610 2 0 |a právo 
100 1 |a Petrenka, Ján